00337nam a2200121Ia 4500008004100000020001400041050001500055100002000070245004700090260004100137300002400178650001300202150202s9999 xx 000 0 und d a373195079 aFIC bFIC  aClayton, Donna. aWho will father my baby? /cDonna Clayton. aNew York :bSilhouette Books,c2001. a184 pages :c18 cm. aFiction.